<?xml version="1.0" encoding="UTF-8"?>
<record
    xmlns:xsi="http://www.w3.org/2001/XMLSchema-instance"
    xsi:schemaLocation="http://www.loc.gov/MARC21/slim http://www.loc.gov/standards/marcxml/schema/MARC21slim.xsd"
    xmlns="http://www.loc.gov/MARC21/slim">

  <leader>00428nam a22001697a 4500</leader>
  <controlfield tag="005">20180703153708.0</controlfield>
  <controlfield tag="008">160611b        xxu||||| |||| 00| 0 eng d</controlfield>
  <datafield tag="020" ind1=" " ind2=" ">
    <subfield code="a">9788121918015</subfield>
  </datafield>
  <datafield tag="041" ind1=" " ind2=" ">
    <subfield code="a">eng</subfield>
  </datafield>
  <datafield tag="082" ind1=" " ind2=" ">
    <subfield code="b">6915</subfield>
    <subfield code="a">658.11</subfield>
  </datafield>
  <datafield tag="100" ind1=" " ind2=" ">
    <subfield code="a">Khanka, S.S.</subfield>
    <subfield code="9">279</subfield>
  </datafield>
  <datafield tag="245" ind1=" " ind2=" ">
    <subfield code="a">Entrepreneurial Development</subfield>
  </datafield>
  <datafield tag="260" ind1=" " ind2=" ">
    <subfield code="a">New Delhi</subfield>
    <subfield code="b">S. Chand &amp; Company Pvt. Ltd. </subfield>
    <subfield code="c">1999</subfield>
  </datafield>
  <datafield tag="300" ind1=" " ind2=" ">
    <subfield code="a">405p,</subfield>
  </datafield>
  <datafield tag="650" ind1=" " ind2=" ">
    <subfield code="a">Management</subfield>
    <subfield code="9">241</subfield>
  </datafield>
  <datafield tag="942" ind1=" " ind2=" ">
    <subfield code="c">BK</subfield>
  </datafield>
  <datafield tag="999" ind1=" " ind2=" ">
    <subfield code="c">2407</subfield>
    <subfield code="d">2406</subfield>
  </datafield>
  <datafield tag="952" ind1=" " ind2=" ">
    <subfield code="0">0</subfield>
    <subfield code="1">0</subfield>
    <subfield code="4">0</subfield>
    <subfield code="7">0</subfield>
    <subfield code="8">MANAGEMENT</subfield>
    <subfield code="a">JRU</subfield>
    <subfield code="b">JRU</subfield>
    <subfield code="c">SHELF-70 E</subfield>
    <subfield code="d">2016-06-11</subfield>
    <subfield code="g">275.00</subfield>
    <subfield code="l">5</subfield>
    <subfield code="m">1</subfield>
    <subfield code="o">658.11</subfield>
    <subfield code="p">6915</subfield>
    <subfield code="q">2022-05-16</subfield>
    <subfield code="r">2022-02-15 00:00:00</subfield>
    <subfield code="s">2022-02-15</subfield>
    <subfield code="w">2016-06-11</subfield>
    <subfield code="y">BK</subfield>
  </datafield>
  <datafield tag="952" ind1=" " ind2=" ">
    <subfield code="0">0</subfield>
    <subfield code="1">0</subfield>
    <subfield code="4">0</subfield>
    <subfield code="7">0</subfield>
    <subfield code="8">MANAGEMENT</subfield>
    <subfield code="a">JRU</subfield>
    <subfield code="b">JRU</subfield>
    <subfield code="c">SHELF-70 E</subfield>
    <subfield code="d">2016-06-11</subfield>
    <subfield code="g">275.00</subfield>
    <subfield code="l">3</subfield>
    <subfield code="m">1</subfield>
    <subfield code="o">658.11</subfield>
    <subfield code="p">6916</subfield>
    <subfield code="r">2019-02-27 00:00:00</subfield>
    <subfield code="s">2019-02-19</subfield>
    <subfield code="w">2016-06-11</subfield>
    <subfield code="y">BK</subfield>
  </datafield>
  <datafield tag="952" ind1=" " ind2=" ">
    <subfield code="0">0</subfield>
    <subfield code="1">0</subfield>
    <subfield code="4">0</subfield>
    <subfield code="7">0</subfield>
    <subfield code="8">MANAGEMENT</subfield>
    <subfield code="a">JRU</subfield>
    <subfield code="b">JRU</subfield>
    <subfield code="c">SHELF-70 E</subfield>
    <subfield code="d">2016-06-11</subfield>
    <subfield code="g">275.00</subfield>
    <subfield code="l">2</subfield>
    <subfield code="o">658.11</subfield>
    <subfield code="p">6917</subfield>
    <subfield code="r">2025-01-25 09:59:47</subfield>
    <subfield code="s">2024-07-23</subfield>
    <subfield code="w">2016-06-11</subfield>
    <subfield code="y">BK</subfield>
  </datafield>
  <datafield tag="952" ind1=" " ind2=" ">
    <subfield code="0">0</subfield>
    <subfield code="1">0</subfield>
    <subfield code="4">0</subfield>
    <subfield code="7">0</subfield>
    <subfield code="8">REF</subfield>
    <subfield code="a">JRU</subfield>
    <subfield code="b">MAIN</subfield>
    <subfield code="c">SHELF-30-E</subfield>
    <subfield code="d">2016-06-11</subfield>
    <subfield code="g">275.00</subfield>
    <subfield code="l">5</subfield>
    <subfield code="m">1</subfield>
    <subfield code="o">658.11</subfield>
    <subfield code="p">6918</subfield>
    <subfield code="r">2018-05-14 00:00:00</subfield>
    <subfield code="s">2018-04-17</subfield>
    <subfield code="w">2016-06-11</subfield>
    <subfield code="y">BK</subfield>
  </datafield>
</record>
